Größte Mittelmeer Inseln - Statistiken

Allgemein
  • Dieses Quiz wurde 333 mal gespielt
  • Das Durchschnittsergebnis liegt bei 13 aus 30
Antwortstatistiken
Land Fläche Antwort % Korrekt
Italien 25.425 km² Sizilien
98%
Spanien 3.640 km² Mallorca
96%
Italien 24.090 km² Sardinien
96%
Zypern 9.250 km² Zypern
94%
Frankreich 8.680 km² Korsika
93%
Griechenland 8.260 km² Kreta
93%
Spanien 694 km² Menorca
86%
Spanien 572 km² Ibiza
85%
Griechenland 1.400 km² Rhodos
80%
Kroatien 405 km² Krk
58%
Griechenland 1.635 km² Lesbos
58%
Griechenland 288 km² Kos
57%
Griechenland 585 km² Korfu
53%
Griechenland 478 km² Samos
31%
Tunesien 514 km² Djerba
30%
Griechenland 428 km² Naxos
30%
Griechenland 3.660 km² Euböa
28%
Griechenland 407 km² Zakynthos
21%
Griechenland 734 km² Kefalonia
18%
Kroatien 405 km² Cres
16%
Kroatien 395 km² Brac
13%
Griechenland 842 km² Chios
13%
Kroatien 297 km² Hvar
12%
Griechenland 476 km² Limnos
11%
Kroatien 284 km² Pag
11%
Griechenland 383 km² Andros
9%
Griechenland 380 km² Thasos
9%
Griechenland 300 km² Karpathos
7%
Griechenland 302 km² Lefkada
6%
Türkei 279 km² Gökceada
4%
Keine übereinstimmenden Quizze gefunden
Verteilung der Resultate
Anzahl Personen mit jedem Resultat
Perzentil nach korrekt beantworteten Fragen
Ihre Resultats-Entwicklung
Sie haben dieses Quiz noch nicht gespielt